000 00316nam a22001097a 4500
008 230623b xxu||||| |||| 00| 0 eng d
082 _a330.96
_bCSAE 2002
245 _aCentre for the Study of African Economies
_bResearch Summary 2002
260 _aUK
_bUniversity of Oxford
_c2002
300 _aVI,78p
942 _2ddc
_cBK
999 _c2526
_d2526